[Event "Cairo Egyptian op"]
[Site "Cairo"]
[Date "2016.04.24"]
[Round "4"]
[White "Mohamed Mohamed, Khaled"]
[Black "Ghoneim, Ahmed Mohamed"]
[Result "0-1"]
[WhiteElo "1448"]
[BlackElo "2026"]
[PlyCount "48"]
[EventDate "2016.04.22"]
[EventType "swiss"]
[EventRounds "9"]
[EventCountry "EGY"]
[SourceTitle "CBM 172 Extra"]
[Source "ChessBase"]
[SourceDate "2016.06.21"]
[SourceVersion "1"]
[SourceVersionDate "2016.06.21"]
[SourceQuality "1"]

1. d4 Nf6 2. c4 g6 3. Nc3 Bg7 4. e4 d6 5. f3 0-0 6. Be3 e5 7. d5 c6 8. Nge2 cxd5 9. cxd5 a6 10. a4 Nfd7 11. g4 f5 12. gxf5 gxf5 13. Qd2 f4 14. Nxf4 Qh4+ 15. Ke2 exf4 16. Bd4 Ne5 17. h3 Nbd7 18. b4 Qg3 19. Rg1 Qxf3+ 20. Ke1 Ng6 21. Ra3 Bxd4 22. Qxd4 Nde5 23. Nb5 Qxa3 24. Nxa3 Nf3+ 0-1